| 000 | 00430nam a2200157 i 4500 | ||
|---|---|---|---|
| 001 | 104441 | ||
| 003 | ES-MaACL | ||
| 005 | 20230906183614.0 | ||
| 007 | t| | ||
| 008 | 051130s1960 sp ||||1| spa d | ||
| 100 | 1 |
_aMillé Giménez, Isabel. _981194 |
|
| 245 | 1 | 0 |
_aAguilas y cimas / _cIsabel Millé. |
| 260 |
_aMadrid : _b[s.n.], _c1960 ( _fImp. Orihuela) |
||
| 300 |
_a89 p. ; _c18 cm. |
||
| 852 |
_aES-MaACL _jC-18808 _bR.47036 |
||
| 999 |
_c104441 _d104441 |
||